| 000 | 00466cam a2200193ua 4500 | ||
|---|---|---|---|
| 001 | 3984 | ||
| 005 | 20260515113751.0 | ||
| 008 | 111212n ii |||gr||||Z||||||asm | ||
| 040 | _cMAIN | ||
| 082 | _a891.4511 | ||
| 100 | 1 | _aBora, Chandra Kanta, | |
| 245 | 1 | 1 |
_aSatir sadhana _cby Chandra Kanta Bora |
| 250 | _a1st. | ||
| 260 |
_aGuwahati: _bLawyers book stall,958. |
||
| 300 |
_a137p: _c23cm. |
||
| 653 | _aAssamese poem | ||
| 653 | _aSatir sadhana | ||
| 942 | _cBK | ||
| 999 |
_c3804 _d3804 |
||